000 00849cab a2200229 4500
001 ABS52778
008 090401t1995 xxu||||| |||| 00| 0 eng d
035 _a(Sirsi) u51
041 _aeng
245 4 _aThe surveyor and property insolvency
260 _c1995
350 _a0
490 _aCSM (Chartered Surveyor Monthly)
_v4(6) April 1995, 48-49(2)
520 _aAn information note from the insolvency skills panel covering the appointment as an LPA receiver. Covers duties and liability, the Non-administrative Receivers Association, notification to Companies House, rates, VAT, and agricultural receiverships. (For Part 1 see Abstract 52617.)
650 _aInsolvency
_96247
650 _aLAW OF PROPERTY ACT 1925
650 _aNARA
650 _aRECEIVERSHIP
690 _aPROPERTY LAW AND PRACTICE
942 _n0
948 _c04/03/1997
999 _c22
_d22